International aid: a discussion of the flow of public resources from rich to poor countries with particular reference to British policy (Record no. 305)

MARC details
000 -LEADER
fixed length control field 00743nam a2200169 a 4500
008 - FIXED-LENGTH DATA ELEMENTS--GENERAL INFORMATION
fixed length control field 120716s1965 ||||||||||||||||| || u
050 ## - LIBRARY OF CONGRESS CALL NUMBER
Classification number HC 60 Lit
100 ## - MAIN ENTRY--PERSONAL NAME
Personal name Clifford, Juliet Mary
245 10 - TITLE STATEMENT
Title International aid: a discussion of the flow of public resources from rich to poor countries with particular reference to British policy
Statement of responsibility, etc. by I. M. D. Little and J. M. Clifford
260 ## - PUBLICATION, DISTRIBUTION, ETC.
Place of publication, distribution, etc. London
Name of publisher, distributor, etc. Allen and Unwin
Date of publication, distribution, etc. 1965
300 ## - PHYSICAL DESCRIPTION
Extent 360p.: ill.
500 ## - GENERAL NOTE
General note Bibliography
650 ## - SUBJECT ADDED ENTRY--TOPICAL TERM
Topical term or geographic name entry element ECONOMIC ASSISTANCE, BRITISH
650 #0 - SUBJECT ADDED ENTRY--TOPICAL TERM
Topical term or geographic name entry element ECONOMIC ASSISTANCE
700 ## - ADDED ENTRY--PERSONAL NAME
Personal name Little, Ian Malcolm David
995 ## -
-- SPECIAL COLLECTIONS
-- 500004
-- CBU-DAG HAMMARSKJOLD INSTITUTE LIBRARY
-- DAG HC 60 Lit
-- 1
-- AVAILABLE
-- Aug 22, 2012
-- 500004
-- DHIPS Book Collection
999 ## -
-- 305
-- 305
Holdings
Withdrawn status Lost status Source of classification or shelving scheme Damaged status Not for loan Permanent Location Current Location Shelving location Date acquired Total Checkouts Full call number Barcode Date last seen Price effective from Koha item type
          CBU-DAG HAMMARSKJOLD INSTITUTE CBU-DAG HAMMARSKJOLD INSTITUTE   11/28/2022   HC 60 Lit 500004 11/28/2022 11/28/2022 MONOGRAPH